| 000 | 00378nam a22001457a 4500 | ||
|---|---|---|---|
| 003 | MACL | ||
| 005 | 20191126155934.0 | ||
| 008 | 191126b xxu||||| |||| 00| 0 eng d | ||
| 040 | _c MACL | ||
| 100 |
_aGoel, Sita Ram _968680 |
||
| 245 | _aGenesis and Groeth of Nehruism | ||
| 260 |
_aDelhi _bVoice of India _c2018 |
||
| 650 |
_aPolitical Science _977298 |
||
| 942 |
_2ddc _cBK |
||
| 999 |
_c61414 _d61414 |
||